[Event "Let's Play Chess!"]
[Site "http://www.queenalice.com/game.php?id=1861673"]
[Date "2025.8.16"]
[Round "-"]
[White "oldprofessor"]
[Black "Capixaba789"]
[Result "0-1"]
[WhiteElo "2012"]
[BlackElo "1922"]

1. d4 e5 2. dxe5 Bc5 3. Nf3 d6 4. exd6 Ne7 5. Nc3 cxd6 6. Ne4 Qb6 7. e3 Nf5 8.
Nxc5 dxc5 9. e4 Nd4 10. Nxd4 cxd4 11. Bd3 O-O 12. O-O Be6 13. b3 Nc6 14. Bb2
Rfd8 15. f4 f6 16. a3 Rac8 17. Kh1 a5 18. Qg4 Bxg4 0-1

[Event "Let's Play Chess!"]
[Site "http://www.queenalice.com/game.php?id=1861675"]
[Date "2025.8.16"]
[Round "-"]
[White "Capixaba789"]
[Black "oldprofessor"]
[Result "0-1"]
[WhiteElo "1980"]
[BlackElo "2002"]

1. d4 c6 2. e4 d5 3. exd5 cxd5 4. Nc3 Nf6 5. Nf3 Bg4 6. Bd3 Nc6 7. Be3 e6 8. O-O
Bb4 9. a3 Bd6 10. Qe1 Bxf3 11. gxf3 a6 12. Ne2 Nh5 13. Ng3 Nf4 14. Bxf4 Bxf4 15.
c3 O-O 16. Kh1 Re8 17. Rg1 Qh4 18. Qf1 e5 19. Qg2 g6 20. Rae1 exd4 21. cxd4 Rxe1
22. Rxe1 Nxd4 23. b4 Kf8 24. Bb1 Rd8 25. Rd1 Qf6 26. Bxg6 hxg6 27. Nf1 Ne6 28.
Ne3 Bxe3 29. fxe3 Qc3 30. h3 Qxe3 0-1

[Event "Challenge"]
[Site "http://www.queenalice.com/game.php?id=1861978"]
[Date "2025.8.24"]
[Round "-"]
[White "Mlintz"]
[Black "oldprofessor"]
[Result "1/2-1/2"]
[WhiteElo "1872"]
[BlackElo "2052"]

1. e4 c6 2. d4 d5 3. exd5 cxd5 4. c4 Nf6 5. Nc3 e6 6. Nf3 Bb4 7. Bd2 O-O 8. Be2
dxc4 9. Bxc4 b6 10. O-O Ba6 11. Bxa6 Nxa6 12. a3 Be7 13. Re1 Nc7 14. Ne5 Qd6 15.
Bf4 Ncd5 16. Bg3 Qd8 17. Nc6 Qe8 18. Nxe7+ Qxe7 19. Bh4 Nxc3 20. bxc3 Rac8 21.
Qd3 h6 22. f4 Rc6 23. a4 Rfc8 24. Rec1 Qc7 1/2-1/2

[Event "Challenge"]
[Site "http://www.queenalice.com/game.php?id=1861979"]
[Date "2025.8.24"]
[Round "-"]
[White "oldprofessor"]
[Black "Mlintz"]
[Result "1-0"]
[WhiteElo "2044"]
[BlackElo "1854"]

1. d4 e6 2. c4 c5 3. d5 exd5 4. cxd5 d6 5. e4 Nf6 6. Nc3 g6 7. h3 Bg7 8. Bd3 O-O
9. Bf4 a6 10. Nf3 Re8 11. O-O b5 12. Re1 Nfd7 13. Bxd6 c4 14. Bc2 Nf6 15. e5
Nfd7 16. e6 fxe6 17. dxe6 Nf6 18. e7 Qd7 19. Ne5 Qb7 20. Ne4 Nd5 21. Nc5 Qa7 22.
Qxd5+ 1-0

[Event "Let's Play Chess!"]
[Site "http://www.queenalice.com/game.php?id=1862168"]
[Date "2025.8.26"]
[Round "-"]
[White "oldprofessor"]
[Black "Capixaba789"]
[Result "1-0"]
[WhiteElo "2031"]
[BlackElo "1961"]

1. d4 d5 2. c4 Nf6 3. cxd5 Nxd5 4. Nf3 e6 5. e4 Nb6 6. Be3 Bb4+ 7. Nc3 Bxc3+ 8.
bxc3 Qe7 9. Bd3 Nc6 10. O-O O-O 11. a4 a5 12. e5 f5 13. exf6 Qxf6 14. Ng5 g6 15.
Ne4 Qg7 16. Qd2 Nd7 17. Bh6 Qf7 18. Bxf8 Qxf8 19. Rfe1 Nf6 20. Ng5 Bd7 21. Nxe6
Bxe6 22. Rxe6 Re8 23. Bc4 Rxe6 24. Bxe6+ Kg7 25. Rb1 b6 26. g3 Qd6 27. Re1 Ne7
28. Qe3 Ned5 29. Bxd5 Nxd5 30. Qe5+ Qxe5 31. Rxe5 Nxc3 32. Re7+ Kh6 33. Rxc7
Nxa4 34. d5 1-0

[Event "Let's Play Chess!"]
[Site "http://www.queenalice.com/game.php?id=1862169"]
[Date "2025.8.26"]
[Round "-"]
[White "Capixaba789"]
[Black "oldprofessor"]
[Result "0-1"]
[WhiteElo "1920"]
[BlackElo "2019"]

1. d4 d5 2. Nc3 Nf6 3. f4 Bf5 4. Nf3 e6 5. e3 c5 6. Be2 Nc6 7. O-O Rc8 8. Ne5
cxd4 9. exd4 Nxd4 10. Kh1 Nxe2 11. Qxe2 a6 12. Be3 Bc5 13. Bxc5 Rxc5 14. Rad1
O-O 15. Rf3 b5 16. Rg3 b4 17. Nd3 Bxd3 18. Rdxd3 bxc3 19. Rxc3 Rxc3 20. Rxc3 a5
21. Qb5 Qd6 22. Rf3 Rb8 23. Qxa5 Rxb2 24. Rb3 Rxb3 25. axb3 h6 26. Qd2 Qa6 27.
Qc1 Qb6 28. h3 Qf2 29. b4 Ne4 30. b5 Nd6 31. b6 Qxb6 0-1

[Event "AUTO-MASTER-3279"]
[Site "http://www.queenalice.com/game.php?id=1862505"]
[Date "2025.9.3"]
[Round "1"]
[White "oldprofessor"]
[Black "askasl159"]
[Result "1-0"]
[WhiteElo "2031"]
[BlackElo "1720"]

1. d4 d5 2. c4 c6 3. Nf3 g6 4. e3 Bg7 5. Nc3 Nf6 6. Bd3 O-O 7. O-O dxc4 8. Bxc4
b5 9. Bd3 b4 10. Na4 Ba6 11. Nc5 Bxd3 12. Qxd3 Nd5 13. Bd2 Nd7 14. Rfc1 e5 15.
Nxd7 Qxd7 16. Qc4 Rfc8 17. Nxe5 Bxe5 18. dxe5 a5 19. e4 Nb6 20. Qe2 Ra7 21. Be3
Rac7 22. Bxb6 Rb7 23. Bc5 Qe6 24. Qa6 Rb5 25. Be3 Rxe5 26. f3 f5 27. exf5 Rxf5
28. Bf2 Rc7 29. Qc4 Rd5 30. Re1 1-0

[Event "AUTO-MASTER-3279"]
[Site "http://www.queenalice.com/game.php?id=1862506"]
[Date "2025.9.3"]
[Round "1"]
[White "askasl159"]
[Black "oldprofessor"]
[Result "0-1"]
[WhiteElo "1698"]
[BlackElo "2036"]

1. e4 c6 2. Nf3 d5 3. exd5 cxd5 4. Bb5+ Bd7 5. Bxd7+ Qxd7 6. b3 Nc6 7. Bb2 f6 8.
O-O e5 9. d4 e4 10. Re1 Be7 11. Nfd2 f5 12. c4 Nf6 13. cxd5 Nxd5 14. f3 Nf4 15.
Re3 Nd3 16. Bc3 Nxd4 17. Nc4 O-O 18. fxe4 fxe4 19. Rxe4 Bc5 20. Qxd3 Ne2+ 0-1

[Event "AUTO-MASTER-3279"]
[Site "http://www.queenalice.com/game.php?id=1862509"]
[Date "2025.9.3"]
[Round "1"]
[White "oldprofessor"]
[Black "IranSilva"]
[Result "1/2-1/2"]
[WhiteElo "2055"]
[BlackElo "2256"]

1. d4 d5 2. c4 c6 3. Nc3 e6 4. e3 Nf6 5. Nf3 Be7 6. Bd3 O-O 7. e4 dxe4 8. Nxe4
Nbd7 9. h4 Nxe4 10. Bxe4 Nf6 11. Bc2 c5 12. Bg5 cxd4 13. O-O b6 14. Qxd4 Qxd4
15. Nxd4 Bb7 16. Rad1 Rfd8 17. Be3 Rac8 18. b3 Bc5 19. Nb5 Bxe3 20. Rxd8+ Rxd8
21. fxe3 Rd2 22. Rf2 Rxf2 23. Kxf2 a6 24. Nd6 Bc6 25. e4 Ng4+ 26. Kg3 Ne5 27.
Kf4 Ng6+ 28. Kg4 Kf8 29. h5 Ne5+ 30. Kf4 f6 31. Nc8 b5 32. cxb5 Bxb5 33. Nd6 Bf1
34. g3 Ke7 35. Nc8+ Kd7 36. Nb6+ Kc6 37. Na4 h6 38. Nc3 Nd3+ 39. Bxd3 Bxd3 40.
Ke3 Bf1 41. Kf2 Bh3 42. Kf3 f5 43. a3 Bg4+ 44. Kf4 Kd6 45. exf5 exf5 46. Na2 Ke6
47. Nb4 a5 48. Nc6 a4 49. bxa4 Bxh5 50. Nd4+ Kf6 51. a5 g5+ 52. Ke3 Bf7 53. Nc6
Bd5 54. Nb4 Ba8 55. Nd3 h5 56. Nc5 Ke7 57. Nd3 Kd6 58. Nb4 f4+ 59. gxf4 g4 60.
f5 g3 61. Nd3 h4 62. Nf4 Bb7 63. f6 Kd7 64. f7 Ke7 65. Ng6+ Kxf7 66. Nxh4
1/2-1/2

[Event "AUTO-MASTER-3279"]
[Site "http://www.queenalice.com/game.php?id=1862510"]
[Date "2025.9.3"]
[Round "1"]
[White "IranSilva"]
[Black "oldprofessor"]
[Result "1-0"]
[WhiteElo "2225"]
[BlackElo "2040"]

1. Nf3 d5 2. d4 Nf6 3. c4 e6 4. Nc3 c5 5. cxd5 Nxd5 6. e4 Nxc3 7. bxc3 cxd4 8.
cxd4 Bb4+ 9. Bd2 Bxd2+ 10. Qxd2 O-O 11. Bd3 Nc6 12. Bc2 Qa5 13. Qxa5 Nxa5 14.
Bd3 Rd8 15. Kd2 Nc6 16. Ke3 Nb4 17. Bb1 b6 18. a3 Nc6 19. Ba2 Bb7 20. Rhc1 Rac8
21. Rc3 Kf8 22. Rac1 Ne7 23. Rc7 Bc6 24. Rxc8 Rxc8 25. Ne5 Bb7 26. Rxc8+ Nxc8
27. f3 Nd6 28. a4 Ke7 29. Nc4 Nxc4+ 30. Bxc4 Bc6 31. Bb3 Bb7 32. g3 f6 33. e5 a6
34. f4 Bd5 35. Bxd5 exd5 36. f5 g6 37. g4 gxf5 38. gxf5 h6 39. e6 Kd6 40. Kd3
Ke7 41. Kc3 Kd6 42. Kb4 Ke7 43. a5 b5 44. Kc5 1-0

[Event "Challenge"]
[Site "http://www.queenalice.com/game.php?id=1864297"]
[Date "2025.10.15"]
[Round "-"]
[White "Capixaba789"]
[Black "oldprofessor"]
[Result "0-1"]
[WhiteElo "1911"]
[BlackElo "2061"]

1. d4 Nf6 2. Nc3 d5 3. f4 c5 4. e3 Nc6 5. Nf3 Bg4 6. Be2 e6 7. O-O Be7 8. dxc5
Bxc5 9. Kh1 O-O 10. Nd4 Bxe2 11. Ndxe2 Ng4 12. Ng3 Nxe3 13. Bxe3 Bxe3 14. Qg4 g6
15. Rae1 Bd4 16. a3 Bxc3 17. bxc3 Rc8 18. f5 exf5 19. Nxf5 Kh8 20. Nh6 Rc7 21.
Rxf7 Rcxf7 22. Nxf7+ Rxf7 23. h3 Qf8 24. Qe6 Re7 0-1

[Event "Challenge"]
[Site "http://www.queenalice.com/game.php?id=1864298"]
[Date "2025.10.15"]
[Round "-"]
[White "oldprofessor"]
[Black "Capixaba789"]
[Result "1/2-1/2"]
[WhiteElo "2067"]
[BlackElo "1919"]

1. d4 d5 2. c4 Nf6 3. cxd5 Nxd5 4. e4 Nf6 5. Bd3 e6 6. Nf3 Bb4+ 7. Nc3 O-O 8.
O-O c5 9. a3 Bxc3 10. bxc3 cxd4 11. cxd4 Bd7 12. Bg5 h6 13. Bxf6 Qxf6 14. Re1
Nc6 15. Bc2 Qd8 16. d5 exd5 17. exd5 Ne7 18. Ne5 Bf5 19. Bb3 Ng6 20. Nxg6 Bxg6
21. d6 1/2-1/2

[Event "AUTO-MASTER-3285"]
[Site "http://www.queenalice.com/game.php?id=1864386"]
[Date "2025.10.16"]
[Round "1"]
[White "arvo1938"]
[Black "oldprofessor"]
[Result "1-0"]
[WhiteElo "2220"]
[BlackElo "2031"]

1. d4 Nf6 2. c4 e6 3. Nc3 Bb4 4. e3 O-O 5. Bd3 d5 6. Nf3 b6 7. O-O Ba6 8. cxd5
exd5 9. a3 Bxc3 10. bxc3 Bxd3 11. Qxd3 Nc6 12. c4 Na5 13. cxd5 Qxd5 14. Bd2 Nb3
15. Rab1 Nxd2 16. Nxd2 c5 17. Rfc1 Rac8 18. Rc4 Rfd8 19. a4 Qe6 20. Rbc1 g6 21.
Qf1 cxd4 22. exd4 1-0

[Event "AUTO-MASTER-3285"]
[Site "http://www.queenalice.com/game.php?id=1864387"]
[Date "2025.10.16"]
[Round "1"]
[White "oldprofessor"]
[Black "arvo1938"]
[Result "0-1"]
[WhiteElo "2040"]
[BlackElo "2213"]

1. d4 d5 2. c4 c6 3. Nf3 Nf6 4. e3 Bg4 5. h3 Bh5 6. Nc3 e6 7. Qb3 Qc7 8. g4 Bg6
9. Ne5 Ne4 10. Bg2 Nd7 11. Nxg6 hxg6 12. Nxe4 dxe4 13. Bxe4 O-O-O 14. Bd2 Be7
15. O-O-O g5 16. Kb1 Nb8 17. Bg2 Nd7 18. Qa4 Nb6 19. Qc2 Nd7 20. c5 Bf6 0-1

[Event "AUTO-MASTER-3285"]
[Site "http://www.queenalice.com/game.php?id=1864400"]
[Date "2025.10.16"]
[Round "1"]
[White "oldprofessor"]
[Black "MarcosT"]
[Result "0-1"]
[WhiteElo "2057"]
[BlackElo "2042"]

1. d4 d5 2. c4 c6 3. Nf3 e6 4. Nbd2 c5 5. cxd5 Qxd5 6. e4 Qd8 7. Nb3 cxd4 8.
Nbxd4 Bc5 9. Bb5+ Bd7 10. Bxd7+ Qxd7 11. O-O Nc6 12. Nxc6 Qxd1 13. Rxd1 bxc6 14.
b3 Ne7 15. Bb2 O-O 16. Ne5 f6 17. Nd7 Bxf2+ 18. Kxf2 Rf7 19. Rd6 Ng6 20. Rad1 h5
21. Rxe6 Nf8 22. Nxf8 Rfxf8 23. Rxc6 Rf7 0-1

[Event "AUTO-MASTER-3285"]
[Site "http://www.queenalice.com/game.php?id=1864401"]
[Date "2025.10.16"]
[Round "1"]
[White "MarcosT"]
[Black "oldprofessor"]
[Result "1-0"]
[WhiteElo "2127"]
[BlackElo "2071"]

1. d4 Nf6 2. e3 g6 3. Bd3 Bg7 4. f4 d6 5. Nf3 O-O 6. Nbd2 c5 7. c3 Nc6 8. O-O e5
9. fxe5 dxe5 10. Bc2 exd4 11. cxd4 cxd4 12. exd4 Nxd4 13. Bd3 Bg4 14. Re1 Nxf3+
15. Nxf3 Re8 16. Rxe8+ Nxe8 17. Bf4 Bxf3 18. Qxf3 Qb6+ 19. Be3 Bd4 20. Bxd4
Qxd4+ 21. Kf1 Rd8 22. Rd1 Qf6 23. Kg1 Qxf3 24. gxf3 1-0

[Event "AUTO-MASTER-3285"]
[Site "http://www.queenalice.com/game.php?id=1864402"]
[Date "2025.10.16"]
[Round "1"]
[White "oldprofessor"]
[Black "Fredo"]
[Result "0-1"]
[WhiteElo "2010"]
[BlackElo "2106"]

1. d4 Nf6 2. c4 g6 3. Nc3 d5 4. cxd5 Nxd5 5. e4 Nxc3 6. bxc3 c5 7. Rb1 cxd4 8.
cxd4 Qa5+ 9. Qd2 Qxd2+ 10. Bxd2 Bg7 11. Nf3 Nc6 12. Bb5 O-O 13. Be3 Bg4 14. Rd1
Bxf3 15. gxf3 Rac8 16. d5 Nb4 17. Bxa7 Ra8 18. Bc5 Nxa2 19. Bc4 Nc3 0-1

[Event "AUTO-MASTER-3285"]
[Site "http://www.queenalice.com/game.php?id=1864403"]
[Date "2025.10.16"]
[Round "1"]
[White "Fredo"]
[Black "oldprofessor"]
[Result "1-0"]
[WhiteElo "2095"]
[BlackElo "2023"]

1. d4 Nf6 2. c4 e6 3. Nf3 b6 4. Bf4 Bb7 5. Nc3 Bb4 6. e3 Ne4 7. Qc2 f5 8. Bd3
O-O 9. O-O Nxc3 10. bxc3 Be7 11. Nd2 Bg5 12. Bg3 Bh4 13. e4 f4 14. Bxh4 Qxh4 15.
Nf3 Qe7 16. d5 d6 17. e5 Nd7 18. exd6 cxd6 19. Rfe1 1-0